|
|
|
|
| LEADER |
01024nam a2200205 i 4500 |
| 003 |
GR-PaULI |
| 005 |
20210129132811.0 |
| 008 |
210129s1992 gr |||g |||| 001 0 gre d |
| 952 |
|
|
|0 0
|1 0
|2 ddc
|4 0
|6 889_134000000000000_ΣΠΑ
|7 0
|9 322904
|a LISP
|b LISP
|c DON
|d 2021-01-29
|e ΠΑΤ
|i 146104
|l 0
|o 889.134 ΣΠΑ
|p 025000272386
|r 2021-01-29 00:00:00
|v 2021.00
|w 2021-01-29
|y BKD
|
| 999 |
|
|
|c 181478
|d 181478
|
| 040 |
|
|
|a GR-PaULI
|b gre
|c GR-PaULI
|e AACR2
|
| 082 |
0 |
4 |
|2 23
|a 889.134
|
| 100 |
1 |
|
|9 185136
|a Σπανόπουλος, Γιάννης
|e συγγραφέας.
|
| 245 |
1 |
2 |
|a Ο ποιητής Νίκος Λαδάς και το σύντομο περασμά του ;
|b μια απόλυτη περίπτωση /
|c γράφει ο Νίκος Σπανόπουλος.
|
| 260 |
|
|
|a Αθήνα :
|b [χ.ό.],
|c 1992.
|
| 300 |
|
|
|a 87 σ. ;
|c 25 εκ.
|
| 504 |
|
|
|a Περιλαμβάνει βιβλιογραφία και ευρετήριο.
|
| 600 |
1 |
4 |
|9 182896
|a Λαδάς, Νίκος Β.,
|d 1953-1979
|
| 942 |
|
|
|2 ddc
|c BKD
|
| 998 |
|
|
|c ΒΑΣΙΛΕΙΟΥ
|d 2021-01
|